000 00456nam a2200157Ia 4500
005 20250508160214.0
008 008 250505s9999 xx 000 0 eng d
037 _aTextual
040 _aFEDL
_beng
_cFEDL
041 _aeng
_2eng
084 _aCEN, 792.
_qFEDL
245 0 _aTheatre in the German democratic republic
245 0 _cCentre GDR of the International Theatre Institute
942 _cTEXL
_hCEN, 792.
999 _c1362655
_d1362655